[Event "COL-ch"]
[Site "Cartagena"]
[Date "2023.06.11"]
[Round "8"]
[White "Marquez Martelo, Alex Josue"]
[Black "Caballero Marrugo, Maria Jose"]
[Result "0-1"]
[WhiteElo "1054"]
[BlackElo "1542"]
[PlyCount "56"]
[EventDate "2023.06.08"]
[EventType "swiss"]
[EventRounds "9"]
[EventCountry "COL"]
[SourceTitle "CBM 215 Extra"]
[Source "ChessBase"]
[SourceDate "2023.09.30"]
[SourceVersion "1"]
[SourceVersionDate "2023.09.30"]
[SourceQuality "1"]

1. e4 e5 2. Nf3 Nc6 3. Bc4 Nf6 4. d3 d5 5. exd5 Nxd5 6. h3 Bc5 7. 0-0 0-0 8. Bg5 Qd6 9. Nbd2 Nf6 10. c3 Bb6 11. Bb3 Bf5 12. Bxf6 Qxf6 13. Ne4 Qg6 14. Nh4 Qh6 15. Nxf5 Qf4 16. Nfg3 Na5 17. Bc2 f5 18. Nd2 Qxg3 19. Nf3 Qf4 20. Re1 Rae8 21. Qe2 Nc6 22. d4 e4 23. Nd2 Kh8 24. Nc4 Qg5 25. Nxb6 axb6 26. Rad1 Rf6 27. f3 e3 28. Rd3 f4 0-1

[Event "COL-ch"]
[Site "Cartagena"]
[Date "2023.06.10"]
[Round "6"]
[White "Obredor Castro, Sergio"]
[Black "Caballero Marrugo, Maria Jose"]
[Result "1-0"]
[WhiteElo "1622"]
[BlackElo "1542"]
[PlyCount "41"]
[EventDate "2023.06.08"]
[EventType "swiss"]
[EventRounds "9"]
[EventCountry "COL"]
[SourceTitle "CBM 215 Extra"]
[Source "ChessBase"]
[SourceDate "2023.09.30"]
[SourceVersion "1"]
[SourceVersionDate "2023.09.30"]
[SourceQuality "1"]

1. e4 e5 2. Nf3 Nc6 3. d4 exd4 4. Bc4 Bb4+ 5. c3 dxc3 6. bxc3 Ba5 7. 0-0 Nge7 8. Ng5 0-0 9. Qh5 h6 10. Nxf7 Rxf7 11. Qxf7+ Kh8 12. f4 Bb6+ 13. Kh1 Na5 14. Bd3 d5 15. f5 Bd7 16. f6 Qf8 17. fxe7 Qxf7 18. Rxf7 Kg8 19. Rf8+ Rxf8 20. exf8Q+ Kxf8 21. exd5 1-0

[Event "COL-ch"]
[Site "Cartagena"]
[Date "2023.06.08"]
[Round "2"]
[White "Garzon Camelo, Andres Santiago"]
[Black "Caballero Marrugo, Maria Jose"]
[Result "1-0"]
[WhiteElo "1957"]
[BlackElo "1542"]
[PlyCount "47"]
[EventDate "2023.06.08"]
[EventType "swiss"]
[EventRounds "9"]
[EventCountry "COL"]
[SourceTitle "CBM 215 Extra"]
[Source "ChessBase"]
[SourceDate "2023.09.30"]
[SourceVersion "1"]
[SourceVersionDate "2023.09.30"]
[SourceQuality "1"]

1. e4 e5 2. Nf3 Nc6 3. Bc4 Nf6 4. Nc3 Bb4 5. Nd5 Ba5 6. 0-0 0-0 7. d4 d6 8. Bg5 h6 9. Nxf6+ gxf6 10. Bxh6 Bg4 11. h3 Bh5 12. g4 Bg6 13. Bxf8 Qxf8 14. dxe5 dxe5 15. Qe2 Qh6 16. Kg2 Qf4 17. Bd3 Kg7 18. Qe3 Qxe3 19. fxe3 Bb6 20. Rfe1 Rd8 21. Rad1 a6 22. a3 Nb8 23. b4 c6 24. c4 1-0

[Event "COL pre olympic sf3"]
[Site "Cartagena"]
[Date "2019.08.18"]
[Round "9"]
[White "De la Hoz Paternina, Felix Daniel"]
[Black "Caballero Marrugo, Maria Jose"]
[Result "0-1"]
[WhiteElo "1326"]
[BlackElo "1570"]
[PlyCount "66"]
[EventDate "2019.08.14"]
[EventType "swiss"]
[EventRounds "10"]
[EventCountry "COL"]
[SourceTitle "EXT 2020"]
[Source "ChessBase"]
[SourceDate "2019.10.17"]
[SourceVersion "1"]
[SourceVersionDate "2019.10.17"]
[SourceQuality "1"]

1. d4 Nf6 2. c4 e6 3. Nf3 b6 4. Nc3 Bb4 5. Bd2 0-0 6. e3 Bb7 7. Be2 Re8 8. Qc2 h6 9. 0-0 Be7 10. Rfd1 c5 11. Rac1 d5 12. a3 dxc4 13. Ne5 cxd4 14. exd4 Qxd4 15. Nxc4 Qc5 16. Be3 Qc8 17. Ne5 Rd8 18. Nf3 Nbd7 19. Rd2 Nc5 20. Rcd1 Rxd2 21. Rxd2 Nce4 22. Nxe4 Bxe4 23. Qd1 Qc7 24. Nd4 Rd8 25. Nb5 Rxd2 26. Nxc7 Rxd1+ 27. Bxd1 Bd3 28. Ba4 Bd6 29. Nb5 Bxb5 30. Bxb5 Be5 31. b4 Bb2 32. a4 Nd5 33. Bd2 Ba3 0-1

[Event "COL pre olympic sf3"]
[Site "Cartagena"]
[Date "2019.08.16"]
[Round "5"]
[White "Caballero Marrugo, Maria Jose"]
[Black "Barragan, Luis"]
[Result "1-0"]
[WhiteElo "1570"]
[BlackElo "1490"]
[PlyCount "39"]
[EventDate "2019.08.14"]
[EventType "swiss"]
[EventRounds "10"]
[EventCountry "COL"]
[SourceTitle "EXT 2020"]
[Source "ChessBase"]
[SourceDate "2019.10.17"]
[SourceVersion "1"]
[SourceVersionDate "2019.10.17"]
[SourceQuality "1"]

1. e4 e5 2. Nf3 Nc6 3. d4 exd4 4. Nxd4 Qe7 5. Nc3 Nf6 6. Nxc6 bxc6 7. Qe2 d5 8. exd5 Nxd5 9. Nxd5 cxd5 10. Be3 Be6 11. Qb5+ Qd7 12. Qb7 Qc8 13. Bb5+ Ke7 14. Qc6 Bd7 15. Qxd5 Bxb5 16. Qxb5 Rb8 17. Qe5+ Kd8 18. 0-0-0+ Bd6 19. Qxg7 Re8 20. Bg5+ 1-0

[Event "COL pre olympic sf3"]
[Site "Cartagena"]
[Date "2019.08.16"]
[Round "4"]
[White "Marquez Gomez, Juan Jose"]
[Black "Caballero Marrugo, Maria Jose"]
[Result "1-0"]
[WhiteElo "1631"]
[BlackElo "1570"]
[PlyCount "105"]
[EventDate "2019.08.14"]
[EventType "swiss"]
[EventRounds "10"]
[EventCountry "COL"]
[SourceTitle "EXT 2020"]
[Source "ChessBase"]
[SourceDate "2019.10.17"]
[SourceVersion "1"]
[SourceVersionDate "2019.10.17"]
[SourceQuality "1"]

1. e4 e5 2. Nf3 Nc6 3. Bb5 d6 4. d4 exd4 5. Nxd4 Bd7 6. 0-0 Nf6 7. Nc3 Be7 8. Re1 0-0 9. Nf5 Re8 10. Nxe7+ Nxe7 11. Bxd7 Qxd7 12. Bg5 Qe6 13. Qf3 Nd7 14. Bxe7 Qxe7 15. Nd5 Qd8 16. Re3 Ne5 17. Qe2 Re6 18. f4 Nd7 19. Rf1 c6 20. Nc3 Qb6 21. Kh1 Rae8 22. e5 dxe5 23. f5 R6e7 24. Ne4 f6 25. Rb3 Qc7 26. Rd1 Nb6 27. Rg3 Kf8 28. Qh5 h6 29. Nxf6 Rd8 30. Ne4 Rxd1+ 31. Qxd1 Nd5 32. Nc5 Nf4 33. Rf3 Qa5 34. Ne6+ Nxe6 35. fxe6+ Ke8 36. Ra3 Qb6 37. Qd6 Qd4 38. Qb8+ Qd8 39. Qxd8+ Kxd8 40. Rxa7 Kc8 41. Ra8+ Kc7 42. Rf8 Kd6 43. Rf7 Kxe6 44. Rxe7+ Kxe7 45. Kg1 Kd6 46. Kf2 e4 47. Ke3 Ke5 48. c4 h5 49. h4 Kf5 50. a3 Kg4 51. Kxe4 Kxh4 52. Kf4 g5+ 53. Kf3 1-0

[Event "COL pre olympic sf3"]
[Site "Cartagena"]
[Date "2019.08.15"]
[Round "3"]
[White "Caballero Marrugo, Maria Jose"]
[Black "Varela Sanchez, David Yoel"]
[Result "0-1"]
[WhiteElo "1570"]
[BlackElo "1300"]
[PlyCount "118"]
[EventDate "2019.08.14"]
[EventType "swiss"]
[EventRounds "10"]
[EventCountry "COL"]
[SourceTitle "EXT 2020"]
[Source "ChessBase"]
[SourceDate "2019.10.17"]
[SourceVersion "1"]
[SourceVersionDate "2019.10.17"]
[SourceQuality "1"]

1. e4 e5 2. Nf3 Nc6 3. d4 exd4 4. Nxd4 Bc5 5. Be3 Qf6 6. c3 Nge7 7. Be2 d6 8. 0-0 0-0 9. Qd2 Qg6 10. Bf3 Ne5 11. Qe2 Bxd4 12. cxd4 Nxf3+ 13. Qxf3 f5 14. e5 dxe5 15. dxe5 Nc6 16. Bf4 Re8 17. Re1 Be6 18. Nc3 Nd4 19. Qd3 Rad8 20. Rac1 Nb3 21. Qf3 Nxc1 22. Rxc1 c6 23. Na4 Bxa2 24. Qa3 Bd5 25. f3 b6 26. Nc3 Bxf3 27. g3 Rd7 28. Re1 h6 29. Nb5 cxb5 30. Qxf3 Rd4 31. Kf2 Qg4 32. Qb3+ Kh8 33. Qxb5 Qg6 34. Rc1 Qf7 35. Qc6 Rd7 36. Re1 Rde7 37. h4 Qe6 38. Qa4 Qd5 39. Qb4 Qc5+ 40. Qxc5 bxc5 41. Rc1 Rc8 42. Rc4 a5 43. b3 Rb7 44. Rc3 Rb4 45. e6 c4 46. bxc4 Rbxc4 47. Re3 Re4 48. e7 a4 49. Rxe4 fxe4 50. Bc7 Kg8 51. Bd6 Kf7 52. Ke3 Rc3+ 53. Kxe4 a3 54. Be5 Rc1 55. e8Q+ Kxe8 56. Bxg7 h5 57. Kd3 a2 58. Bb2 a1Q 59. Bxa1 Rxa1 0-1

[Event "COL pre olympic sf3"]
[Site "Cartagena"]
[Date "2019.08.15"]
[Round "2"]
[White "Corredor Rengifo, Luis Fernando"]
[Black "Caballero Marrugo, Maria Jose"]
[Result "1-0"]
[WhiteElo "2095"]
[BlackElo "1570"]
[PlyCount "69"]
[EventDate "2019.08.14"]
[EventType "swiss"]
[EventRounds "10"]
[EventCountry "COL"]
[SourceTitle "EXT 2020"]
[Source "ChessBase"]
[SourceDate "2019.10.17"]
[SourceVersion "1"]
[SourceVersionDate "2019.10.17"]
[SourceQuality "1"]

1. e4 e5 2. f4 d6 3. Nf3 Nc6 4. Bc4 h6 5. 0-0 Nf6 6. d4 exd4 7. e5 dxe5 8. fxe5 Nd7 9. Ng5 Ndxe5 10. Nxf7 Bg4 11. Qe1 Bb4 12. Nxd8 Bxe1 13. Nxc6 Bf2+ 14. Rxf2 Nxc4 15. Nb4 0-0-0 16. Na3 Ne3 17. Bxe3 dxe3 18. Rf4 e2 19. Nd3 Bh5 20. Re1 Rhe8 21. Nc4 b5 22. Nce5 c5 23. g4 c4 24. gxh5 cxd3 25. Nxd3 Rd7 26. Rf2 Rde7 27. Nf4 Rf7 28. Rexe2 Ref8 29. Ng6 Rxf2 30. Rxf2 Rd8 31. Rf8 Rxf8 32. Nxf8 Kb7 33. Ne6 a5 34. Nxg7 Kc6 35. Nf5 1-0

[Event "COL-ch U18 Girls"]
[Site "Fusagasuga"]
[Date "2019.06.26"]
[Round "1"]
[White "Caballero Marrugo, Maria Jose"]
[Black "Hoyos Garces, Rosana"]
[Result "0-1"]
[WhiteElo "1442"]
[BlackElo "1571"]
[PlyCount "88"]
[EventDate "2019.06.26"]
[EventType "swiss (rapid)"]
[EventRounds "3"]
[EventCountry "COL"]
[SourceTitle "CBM 191 Extra"]
[Source "ChessBase"]
[SourceDate "2019.09.30"]
[SourceVersion "1"]
[SourceVersionDate "2019.09.30"]
[SourceQuality "1"]

1. e4 g6 2. d4 Bg7 3. Nf3 d6 4. Bc4 e6 5. Bg5 Ne7 6. Nbd2 Nd7 7. c3 a6 8. a4 h6 9. Be3 b6 10. b4 Bb7 11. Qc2 Nf6 12. Bd3 g5 13. h3 Nh5 14. Ra2 Ng6 15. g3 Ne7 16. Rg1 e5 17. Be2 Qd7 18. h4 g4 19. Nh2 Nf6 20. d5 h5 21. b5 a5 22. Bg5 Nh7 23. Be3 f5 24. c4 Rf8 25. f4 exf4 26. Bxf4 Ng6 27. Rf1 Nxf4 28. Rxf4 Be5 29. Qd3 Bxf4 30. gxf4 Qe7 31. exf5 Qxh4+ 32. Kd1 Qxh2 33. Qe4+ Kd8 34. Qe6 Re8 35. Qg6 Qxe2+ 36. Kc2 Qe7 37. Qxh5 Nf6 38. Qh2 Ne4 39. Qe2 Nxd2 40. Qxe7+ Rxe7 41. Kxd2 Kd7 42. Kd3 Rg8 43. Rg2 Rf7 44. Ke4 Bc8 0-1

[Event "COL pre olympic sf2"]
[Site "Palmira"]
[Date "2019.05.30"]
[Round "2"]
[White "Munoz Hidalgo, Luis Miguel1111"]
[Black "Caballero Marrugo, Maria Jose"]
[Result "1/2-1/2"]
[WhiteElo "1798"]
[BlackElo "1425"]
[PlyCount "83"]
[EventDate "2019.05.29"]
[EventType "swiss"]
[EventRounds "10"]
[EventCountry "COL"]
[SourceTitle "CBM 190 Extra"]
[Source "ChessBase"]
[SourceDate "2019.07.15"]
[SourceVersion "1"]
[SourceVersionDate "2019.07.15"]
[SourceQuality "1"]

1. e4 e5 2. Nf3 Nc6 3. Bc4 Bc5 4. c3 Qe7 5. 0-0 d6 6. d4 Bb6 7. d5 Nb8 8. Be3 Nf6 9. Bd3 Nbd7 10. Nbd2 0-0 11. h3 c6 12. c4 h6 13. Qe2 Re8 14. Rac1 Nc5 15. Bc2 a5 16. a3 Ba7 17. b4 axb4 18. axb4 Na6 19. Bxa7 Rxa7 20. Ra1 b5 21. cxb5 Nxb4 22. Rxa7 Qxa7 23. Bb3 cxd5 24. exd5 Nbxd5 25. Nc4 Qc5 26. Qa2 Nc3 27. Qc2 Nxb5 28. Rc1 e4 29. Ne1 Nd4 30. Qb2 Nxb3 31. Qxb3 d5 32. Qa3 Qxa3 33. Nxa3 d4 34. Nec2 d3 35. Ne3 Be6 36. Nb1 Rd8 37. Nd2 Ra8 38. Nef1 Ra2 39. Kh2 g5 40. g4 Kg7 41. Kg3 Kg6 42. Rc5 1/2-1/2

[Event "COL-ch U18 sf2"]
[Site "Malambo"]
[Date "2019.05.04"]
[Round "5.4"]
[White "Caballero Marrugo, Maria Jose"]
[Black "Ribero, Guillermo Andres"]
[Result "0-1"]
[WhiteElo "1425"]
[BlackElo "1928"]
[PlyCount "108"]
[EventDate "2019.05.02"]
[EventType "swiss"]
[EventRounds "6"]
[EventCountry "COL"]
[SourceTitle "EXT 2024"]
[Source "ChessBase"]
[SourceDate "2023.10.10"]
[SourceVersion "1"]
[SourceVersionDate "2023.10.10"]
[SourceQuality "1"]

1. e4 c5 2. Nf3 d6 3. d4 cxd4 4. Nxd4 Nf6 5. Nc3 g6 6. Be2 Bg7 7. Be3 Nc6 8. h3 Bd7 9. 0-0 0-0 10. Qd2 a6 11. Rad1 b5 12. a3 Qc7 13. f4 Na5 14. Nf3 Rfd8 15. Qd4 Nc6 16. Qd2 Na5 17. Qd4 Rab8 18. Qa7 Qxa7 19. Bxa7 Rb7 20. Bf2 Rc8 21. e5 dxe5 22. Nxe5 Bf5 23. Bf3 Rbb8 24. Ba7 Bxc2 25. Rc1 Bb3 26. Bxb8 Rxb8 27. Rfe1 Be6 28. b4 Nc4 29. Nxc4 bxc4 30. g4 Ne8 31. Nd5 Bxd5 32. Bxd5 e6 33. Bxc4 Bb2 34. Rb1 Bxa3 35. Bxa6 Rxb4 36. Rxb4 Bxb4 37. Rc1 Kg7 38. Bd3 Nf6 39. Kg2 h5 40. g5 Nd5 41. Kf3 Nxf4 42. Bf1 Nd5 43. Rb1 Bd6 44. Rb7 Ne7 45. Bb5 Kf8 46. Rd7 Bb4 47. Rd8+ Kg7 48. Rd4 Bc5 49. Rd7 Bb4 50. Rd4 Bc5 51. Rd7 Nf5 52. Rc7 Be7 53. Bd3 Nh4+ 54. Kg3 Bd6+ 0-1

[Event "Cartagena Bolivar Cup"]
[Site "Cartagena"]
[Date "2019.04.25"]
[Round "6"]
[White "Torres Cueto, Jesus Marcial"]
[Black "Caballero Marrugo, Maria Jose"]
[Result "1-0"]
[WhiteElo "2219"]
[BlackElo "1354"]
[PlyCount "88"]
[EventDate "2019.04.22"]
[EventType "swiss"]
[EventRounds "14"]
[EventCountry "COL"]
[SourceTitle "CBM 190 Extra"]
[Source "ChessBase"]
[SourceDate "2019.07.15"]
[SourceVersion "1"]
[SourceVersionDate "2019.07.15"]
[SourceQuality "1"]

1. d4 d5 2. c4 e6 3. Nc3 Nf6 4. cxd5 exd5 5. Bg5 Be6 6. e3 Be7 7. Bd3 0-0 8. Qc2 h6 9. Bh4 Nbd7 10. Nf3 c5 11. 0-0 Rc8 12. Rad1 cxd4 13. Nxd4 Qc7 14. Bg3 Qb6 15. Bf5 Bb4 16. Rb1 Bxc3 17. bxc3 Qa6 18. Bd3 Qa5 19. Rfc1 Nb6 20. Bd6 Rfd8 21. Be7 Rd7 22. Bb4 Qa4 23. Qxa4 Nxa4 24. Bb5 Nb6 25. Bxd7 Bxd7 26. f3 Nc4 27. Kf2 Re8 28. Nc2 Bf5 29. a4 b6 30. a5 Bxc2 31. Rxc2 Rxe3 32. axb6 axb6 33. Re2 Rd3 34. Ra1 Kh7 35. Ra7 Kg6 36. g4 h5 37. h3 hxg4 38. hxg4 Rd1 39. Ree7 Rd2+ 40. Kg3 Rd3 41. Rxf7 Ne8 42. Rfe7 Re3 43. Rxe3 Nxe3 44. Re7 Nc4 1-0

[Event "Cartagena Bolivar Cup"]
[Site "Cartagena"]
[Date "2019.04.22"]
[Round "13.15"]
[White "Caballero Marrugo, Maria Jose"]
[Black "Caballero Marrugo, David Jose"]
[Result "1-0"]
[WhiteElo "1304"]
[BlackElo "1560"]
[PlyCount "73"]
[EventDate "2019.04.22"]
[EventType "swiss"]
[EventRounds "14"]
[EventCountry "COL"]
[SourceTitle "EXT 2024"]
[Source "ChessBase"]
[SourceDate "2023.10.10"]
[SourceVersion "1"]
[SourceVersionDate "2023.10.10"]
[SourceQuality "1"]

1. e4 e6 2. d4 d5 3. exd5 exd5 4. Nf3 c5 5. dxc5 Bxc5 6. Nc3 Nf6 7. Bg5 d4 8. Nb5 Qa5+ 9. Bd2 Qb6 10. Bd3 0-0 11. 0-0 a6 12. Na3 Bxa3 13. bxa3 Bg4 14. Be2 Qd6 15. Bb4 Qe6 16. Nxd4 Qe4 17. Bd3 Qxd4 18. Bxh7+ Kxh7 19. Qxd4 Nc6 20. Qd3+ g6 21. Bxf8 Rxf8 22. h3 Bf5 23. Qd6 Kg7 24. c4 Rd8 25. Qc7 Rd7 26. Qg3 Rd3 27. Qc7 Rd7 28. Qb6 Ne5 29. c5 Nd5 30. Qb2 f6 31. Rad1 Bd3 32. Rfe1 Nf4 33. Rxe5 fxe5 34. Qxe5+ Kh7 35. Qxf4 Bb5 36. Rxd7+ Bxd7 37. Qf7+ 1-0

[Event "COL-ch sf1"]
[Site "Medellin"]
[Date "2019.04.21"]
[Round "10"]
[White "Ramirez, Mariana"]
[Black "Caballero Marrugo, Maria Jose"]
[Result "1/2-1/2"]
[WhiteElo "1572"]
[BlackElo "1354"]
[PlyCount "29"]
[EventDate "2019.04.16"]
[EventType "swiss"]
[EventRounds "10"]
[EventCountry "COL"]
[SourceTitle "CBM 190 Extra"]
[Source "ChessBase"]
[SourceDate "2019.07.15"]
[SourceVersion "1"]
[SourceVersionDate "2019.07.15"]
[SourceQuality "1"]

1. e4 e5 2. Nf3 Nf6 3. Nxe5 d6 4. Nf3 Nxe4 5. c4 Nc6 6. d3 Nf6 7. d4 Bf5 8. Nc3 Be7 9. Be2 0-0 10. a3 d5 11. c5 Ne4 12. 0-0 b6 13. cxb6 cxb6 14. Bf4 Bf6 15. Rc1 1/2-1/2

[Event "COL-ch sf1"]
[Site "Medellin"]
[Date "2019.04.20"]
[Round "9"]
[White "Caballero Marrugo, Maria Jose"]
[Black "Garcia, John Fredy"]
[Result "0-1"]
[WhiteElo "1354"]
[BlackElo "1879"]
[PlyCount "98"]
[EventDate "2019.04.16"]
[EventType "swiss"]
[EventRounds "10"]
[EventCountry "COL"]
[SourceTitle "CBM 190 Extra"]
[Source "ChessBase"]
[SourceDate "2019.07.15"]
[SourceVersion "1"]
[SourceVersionDate "2019.07.15"]
[SourceQuality "1"]

1. e4 e5 2. Nf3 Nc6 3. d4 exd4 4. Nxd4 Nf6 5. Nxc6 bxc6 6. Nc3 Bc5 7. Bc4 d6 8. 0-0 Bg4 9. Qd3 0-0 10. Bg5 Qe7 11. Rfe1 Qe5 12. Bh4 Nd7 13. Bg3 Qh5 14. Bb3 Bb6 15. a4 Nc5 16. Qc4 Nxb3 17. cxb3 Qc5 18. Qa6 Bc8 19. Qd3 a5 20. Rac1 Ba6 21. Qf3 Qg5 22. Ne2 Bc5 23. Nf4 Rab8 24. Nh3 Qd2 25. e5 Rfe8 26. Red1 Qxb2 27. Qxc6 Be2 28. Rb1 Qc2 29. Rdc1 Qd3 30. Nf4 Qd2 31. Nxe2 Qxe2 32. Rf1 Rec8 33. exd6 cxd6 34. Qd5 Rb6 35. Rbc1 Qb2 36. Rb1 Qd4 37. Qf5 Rcb8 38. Qd7 R6b7 39. Qc6 Rb6 40. Qc7 Qf6 41. Rfe1 h6 42. Qd7 Rxb3 43. Rxb3 Rxb3 44. Qe8+ Kh7 45. Qe4+ Qg6 46. Qc6 Qc2 47. Qd5 Qc3 48. Rf1 Qd3 49. Qxf7 Rb1 0-1

[Event "American Continental (Women) 11th"]
[Site "Envigado"]
[Date "2018.11.22"]
[Round "7"]
[White "Caballero Marrugo, Maria Jose"]
[Black "Zapata, Olga Maria"]
[Result "0-1"]
[WhiteElo "1338"]
[BlackElo "1695"]
[PlyCount "96"]
[EventDate "2018.11.17"]
[EventType "swiss"]
[EventRounds "9"]
[EventCountry "COL"]
[SourceTitle "CBM 187 Extra"]
[Source "ChessBase"]
[SourceDate "2018.11.04"]
[SourceVersion "1"]
[SourceVersionDate "2018.11.04"]
[SourceQuality "1"]

1. e4 d5 2. exd5 Qxd5 3. d4 c6 4. Nf3 Bg4 5. Be2 Nf6 6. Be3 e6 7. Nbd2 Be7 8. 0-0 0-0 9. c4 Qd8 10. Re1 Nbd7 11. Qc2 Bf5 12. Bd3 Bxd3 13. Qxd3 Rc8 14. Rad1 Qc7 15. h3 Rfd8 16. Qc3 c5 17. b3 cxd4 18. Bxd4 b5 19. Qe3 bxc4 20. Nxc4 Nd5 21. Qc1 N7f6 22. Be5 Qb7 23. Qa1 Nb4 24. Rxd8+ Rxd8 25. Re2 Qa6 26. a3 Nc6 27. Bb2 h6 28. Qe1 Nd5 29. Nfe5 Nxe5 30. Rxe5 Nf4 31. Ra5 Qb7 32. f3 Qxb3 33. Qe5 Bf6 34. Qxf4 Bxb2 35. Rxa7 Bf6 36. Qc7 Qb1+ 37. Kh2 Qg6 38. a4 Rd1 39. Ra8+ Kh7 40. Qc8 Qb1 41. Kg3 Qa2 42. Qc6 Rd5 43. h4 Qe2 44. Kh3 Qf2 45. g3 Qxf3 46. Nd6 Qh1+ 47. Kg4 Rd4+ 48. Ne4 Rxe4+ 0-1

[Event "American Continental (Women) 11th"]
[Site "Envigado"]
[Date "2018.11.20"]
[Round "5"]
[White "Caballero Marrugo, Maria Jose"]
[Black "Caballero Quijano, Mitzy Mishell"]
[Result "0-1"]
[WhiteElo "1338"]
[BlackElo "1992"]
[PlyCount "114"]
[EventDate "2018.11.17"]
[EventType "swiss"]
[EventRounds "9"]
[EventCountry "COL"]
[SourceTitle "CBM 187 Extra"]
[Source "ChessBase"]
[SourceDate "2018.11.04"]
[SourceVersion "1"]
[SourceVersionDate "2018.11.04"]
[SourceQuality "1"]

1. e4 e6 2. d4 d5 3. Nc3 Nf6 4. exd5 exd5 5. Nf3 Be7 6. Bd3 Bg4 7. Bf4 c6 8. 0-0 0-0 9. Re1 Nbd7 10. Be2 Re8 11. Qd3 Nh5 12. Qd2 Bb4 13. h3 Bf5 14. Bh2 Nhf6 15. a3 Ne4 16. Qf4 Nxc3 17. Qxf5 Nxe2+ 18. Rxe2 Rxe2 19. axb4 g6 20. Qd3 Re8 21. Qd2 a6 22. Qh6 f6 23. h4 Qe7 24. Qd2 Qf7 25. Bf4 Re4 26. c3 Rae8 27. Be3 Qe7 28. Re1 Nb6 29. b3 Nc8 30. g3 Nd6 31. Qd3 Nf5 32. Nd2 Rxe3 33. fxe3 Nxg3 34. Kf2 Nf5 35. h5 Qd6 36. Nf1 Kg7 37. hxg6 hxg6 38. Ke2 Nh4 39. Kd1 f5 40. Qe2 Rh8 41. Qf2 g5 42. Ng3 Kg6 43. Rf1 Qe6 44. Rg1 Re8 45. Kd2 g4 46. Kd3 Nf3 47. Rh1 Re7 48. Rh5 Rh7 49. Rxh7 Kxh7 50. Qf1 Qh6 51. Qh1 Qxh1 52. Nxh1 Kg6 53. c4 Kg5 54. Ke2 Kh4 55. Kf2 Nd2 56. Ng3 Ne4+ 57. Nxe4 fxe4 0-1

[Event "American Continental (Women) 11th"]
[Site "Envigado"]
[Date "2018.11.18"]
[Round "3"]
[White "Hoyos Garces, Rosana"]
[Black "Caballero Marrugo, Maria Jose"]
[Result "1/2-1/2"]
[WhiteElo "1586"]
[BlackElo "1338"]
[PlyCount "58"]
[EventDate "2018.11.17"]
[EventType "swiss"]
[EventRounds "9"]
[EventCountry "COL"]
[SourceTitle "CBM 187 Extra"]
[Source "ChessBase"]
[SourceDate "2018.11.04"]
[SourceVersion "1"]
[SourceVersionDate "2018.11.04"]
[SourceQuality "1"]

1. e4 e5 2. Nf3 Nf6 3. Nxe5 d6 4. Nf3 Nxe4 5. Qe2 Qe7 6. d3 Nf6 7. Qxe7+ Bxe7 8. Be2 0-0 9. Be3 Nc6 10. 0-0 Be6 11. Nd4 Nxd4 12. Bxd4 Nd5 13. Nc3 Nxc3 14. Bxc3 Rad8 15. a3 d5 16. Be5 Bd6 17. Bxd6 Rxd6 18. Rfe1 Re8 19. Bf3 Kf8 20. Kf1 b6 21. Re2 Rd7 22. Rae1 Rde7 23. g3 d4 24. Kg2 c5 25. a4 Bd7 26. Rxe7 Rxe7 27. Rxe7 Kxe7 28. b3 Kd6 29. h4 Ke5 1/2-1/2

[Event "COL-ch (Women)"]
[Site "Bogota"]
[Date "2018.11.08"]
[Round "4"]
[White "Caballero Marrugo, Maria Jose"]
[Black "Andrade, Maria Alejandra"]
[Result "0-1"]
[WhiteElo "1338"]
[BlackElo "1753"]
[PlyCount "68"]
[EventDate "2018.11.06"]
[EventType "swiss"]
[EventRounds "9"]
[EventCountry "COL"]
[SourceTitle "CBM 187 Extra"]
[Source "ChessBase"]
[SourceDate "2018.11.04"]
[SourceVersion "1"]
[SourceVersionDate "2018.11.04"]
[SourceQuality "1"]

1. e4 c5 2. Nf3 d6 3. d4 cxd4 4. Qxd4 Nc6 5. Bb5 Bd7 6. Bxc6 Bxc6 7. Nc3 Nf6 8. Bg5 e5 9. Qd3 Qb6 10. b3 Be7 11. 0-0 Rd8 12. Rfe1 0-0 13. h3 Qc7 14. Qe3 Rc8 15. Qxa7 h6 16. Bh4 g5 17. Bg3 Nh5 18. Bh2 f5 19. Qe3 Nf6 20. Nd2 fxe4 21. Ndxe4 Nxe4 22. Nxe4 Bxe4 23. Qxe4 Qxc2 24. Qxc2 Rxc2 25. f3 Rfc8 26. a4 Rb2 27. Rab1 Rcc2 28. Rxb2 Rxb2 29. Re3 Bd8 30. Rd3 Bb6+ 31. Kf1 Rf2+ 32. Ke1 Rxg2 33. Rxd6 Ba5+ 34. Kd1 Rxh2 0-1

[Event "Bogota sf3 U18"]
[Site "Bogota"]
[Date "2018.03.30"]
[Round "3.7"]
[White "Caballero Marrugo, Maria Jose"]
[Black "Garcia Barrera, Diego Fernando"]
[Result "1-0"]
[WhiteElo "1333"]
[BlackElo "1473"]
[PlyCount "43"]
[EventDate "2018.03.29"]
[EventType "swiss"]
[EventRounds "6"]
[EventCountry "COL"]
[SourceTitle "EXT 2024"]
[Source "ChessBase"]
[SourceDate "2023.10.10"]
[SourceVersion "1"]
[SourceVersionDate "2023.10.10"]
[SourceQuality "1"]

1. e4 e5 2. Nf3 Nf6 3. Nc3 Nc6 4. Bc4 Nxe4 5. Nxe4 d5 6. Bd3 dxe4 7. Bxe4 Bg4 8. h3 Bxf3 9. Qxf3 Nd4 10. Qg3 Qd6 11. c3 Nc6 12. 0-0 g6 13. Re1 Bg7 14. d4 f6 15. Bc2 0-0-0 16. dxe5 Nxe5 17. Bf4 Qb6 18. b3 Rd7 19. Rad1 Rhd8 20. Rxd7 Rxd7 21. Bxe5 fxe5 22. Qg4 1-0